书目信息 |
| 题名: |
2017中国环境质量报告
|
|
| 作者: | 陈善荣 主编 ;生态环境部 编 | |
| 分册: | ||
| 出版信息: | 北京 中国环境出版社 2019.03 |
|
| 页数: | 141页 | |
| 开本: | 26cm | |
| 丛书名: | ||
| 单 册: | ||
| 中图分类: | X821.209 | |
| 科图分类: | ||
| 主题词: | 环境质量--huan jing zhi liang--研究报告--中国--2017 | |
| 电子资源: | ||
| ISBN: | 978-7-5111-3922-1 | |
| 000 | 00999nam0 2200253 450 | |
| 001 | 0100010068 | |
| 005 | 20190905093950.0 | |
| 010 | @a978-7-5111-3922-1@dCNY60.00 | |
| 100 | @a20190831d2019 em y0chiy50 ea | |
| 101 | 0 | @achi |
| 102 | @aCN@b110000 | |
| 105 | @aak z 000yy | |
| 106 | @ar | |
| 200 | 1 | @a2017中国环境质量报告@A2017 zhong guo huan jing zhi liang bao gao@f中华人民共和国生态环境部编 |
| 210 | @a北京@c中国环境出版社@d2019.03 | |
| 215 | @a141页@c彩图@d26cm | |
| 314 | @a书内题: 陈善荣主编 | |
| 330 | @a本书为2017年中国环境质量报告, 汇总统计了国家环境质量监测网络的监测数据和各省环境监测网络的相关监测结果, 包括水环境质量、大气环境质量、声环境质量、生态环境质量、辐射环境质量等, 概括了2017年全国环境质量的总体水平。 | |
| 606 | 0 | @a环境质量@Ahuan jing zhi liang@x研究报告@y中国@z2017 |
| 690 | @aX821.209@v5 | |
| 701 | 0 | @a陈善荣@Achen shan rong@4主编 |
| 712 | 02 | @a生态环境部@Asheng tai huan jing bu@4编 |
| 801 | 0 | @aCN@c20190905 |
| 905 | @a河南城建学院图书馆@dX821.209@eC565 | |
| 2017中国环境质量报告/中华人民共和国生态环境部编.-北京:中国环境出版社,2019.03 |
| 141页:彩图;26cm |
| ISBN 978-7-5111-3922-1:CNY60.00 |
| 本书为2017年中国环境质量报告, 汇总统计了国家环境质量监测网络的监测数据和各省环境监测网络的相关监测结果, 包括水环境质量、大气环境质量、声环境质量、生态环境质量、辐射环境质量等, 概括了2017年全国环境质量的总体水平。 |
| ● |
| 相关链接 |
|
|
|
正题名:2017中国环境质量报告
索取号:X821.209/C565
 
预约/预借
| 序号 | 登录号 | 条形码 | 馆藏地/架位号 | 状态 | 备注 |
| 1 | 1437506 | 214375068 | 自科库501/501自科库 114排1列1层/ [索取号:X821.209/C565] | 在馆 | |
| 2 | 1437507 | 214375077 | 期刊室512/501自科库 114排1列1层/ [索取号:X821.209/C565] | 在馆 |